000 00640nam a22002531 4500
999 _c5643
_d5643
001 19758
003 GBCCL
005 20241126110546.0
008 681218s1968 caua 000 0 eng
010 _a 68025807
035 _a(OCoLC)00443994
040 _aDLC
_cDLC
049 _aLBBK
050 0 _aBV4501.2
_b.B384
082 _a248
_bBAR
092 _a137.4
_bB274
100 1 _aBarrett, Ethel.
_95685
245 1 0 _aDon't look now.
260 _aGlendale, Calif.,
_bG/L Regal Books
_c[1968]
300 _a207 p.
_billus.
_c18 cm.
650 0 _aChristian life.
_9183
650 0 _aInterpersonal relations.
_9937
942 _2ddc
_cBK
_01